| 000 | 00671nam a22002417a 4500 | ||
|---|---|---|---|
| 005 | 20230104111802.0 | ||
| 008 | 230104b ||||| |||| 00| 0 eng d | ||
| 040 | _cAL | ||
| 041 | _aEnglish | ||
| 082 |
_223 _a294.5921 _bMASU |
||
| 100 |
_aJuan Mascaro _968359 |
||
| 245 | _aUpanishads | ||
| 260 |
_aHarmondsworth _bPenguin Books _c1979 |
||
| 300 |
_a143 p. _bPB _c18x11 cm. |
||
| 650 |
_aHinduism _968360 |
||
| 650 |
_aMysticism--Hinduism _968361 |
||
| 650 |
_aSanskrit literature _968362 |
||
| 650 |
_aUpanishads _968363 |
||
| 650 |
_aHindu philosophy _968364 |
||
| 650 |
_aSpiritual life--Hinduism _968365 |
||
| 700 |
_aMASCARO (Juan) _968366 |
||
| 942 |
_2ddc _cDB |
||
| 999 |
_c226212 _d226212 |
||